Hispanoamérica y la expansión Europea: una interpretación /
保存先:
| 第一著者: | |
|---|---|
| フォーマット: | テキスト |
| タグ: |
タグ追加
タグなし, このレコードへの初めてのタグを付けませんか!
|
MARC
| LEADER | 00000 a a2200000 04500 | ||
|---|---|---|---|
| 001 | 4295 | ||
| 003 | |||
| 040 | |||
| 100 | |a Solórzano Fonseca, Juan Carlos | ||
| 245 | |a Hispanoamérica y la expansión Europea: |b una interpretación / |c Juan Carlos Solórzano Fonseca | ||
| 773 | |g número 11; pp- 1-13 | ||
| 999 | |c 39024 |d 39024 | ||
